000 00684cab a2200181 4500
001 WB2625-25
008 090401t1990 xxu||||| |||| 00| 0 eng d
035 _a(Sirsi) u70635
041 _aeng
245 _aMetropolitan councils rents to soar
260 _c1990
350 _a0
490 _aPlanning (for the Natural and Built Environment)
_vno 874 22/6/90 p6
520 _aAccording to the Association of Metropolitan Authorities their members will reduce spending on housing as a result of the Local Government and Housing Act 1989 . Rents are expected to rise with up to a 20 per cent increase in the London area.
690 _aHOUSING
942 _n0
948 _c04/03/1997
999 _c44445
_d44445